Flagi państw z Krzyżem Południa - Statystyki

Ogólne statystyki
  • Ten quiz został rozwiązany 117 razy
  • Średni wynik to 4 z 5
Statystyki odpowiedzi
Kontynent Stolica zaczyna się na Państwo % Poprawnych
Oceania C Australia
98%
Oceania W Nowa Zelandia
84%
Ameryka Południowa B Brazylia
67%
Oceania P Papua Nowa Gwinea
61%
Oceania A Samoa
57%
Nie znaleziono quizów pasujących do podanych kryteriów
Rozkład punktacji
Procent ludzi z każdym wynikiem
Percentyl według liczby udzielonych odpowiedzi
Twoja historia wyników
Nie rozwiązałeś tego quizu